| 000 | 01023nam a2200217 4500 | ||
|---|---|---|---|
| 005 | 20251003113040.0 | ||
| 020 |
_a 9781306419284 _cTZS 3060 /= |
||
| 040 |
_aMCCL. _beng. _eAACR 2nd rev .ed. |
||
| 082 | _a 658.154 EDE. | ||
| 100 | _aEdey, Harold C. | ||
| 245 |
_a Business budgets and accounts / _cHarold C. Edey |
||
| 260 |
_aLondon: _bHutchinson University Library, _c, 1968 |
||
| 300 |
_a176 p.: _bill.; _c21cm |
||
| 504 | _aIncludes index | ||
| 520 | _aThis book shows the relevance of accounting methods to the economic and administrative problems of business. The book has been arranged to take the reader through the budgeting procedure of a representative business: demonstrating the relationship between budgets, accounts and the various business activities and showing how budgets and accounts link together the balance sheets at the beginning and end of the year | ||
| 650 | _aBudget in business | ||
| 650 | _aAccounting | ||
| 650 | _aCorporations--Finance | ||
| 700 | _aHarold C. Edey | ||
| 942 | _cBK | ||
| 999 |
_c11701 _d11701 |
||